[Event "FRA-ch U18 Girls"]
[White "Soreda, Elisa"]
[Black "Boulart, Emilie"]
[Site "Hyeres"]
[Round "4"]
[Result "1-0"]
[Date "2019.04.16"]
[WhiteElo "1602"]
[BlackElo "1837"]
[PlyCount "91"]
[EventDate "2019.04.14"]
[EventType "swiss"]
[EventRounds "9"]
[EventCountry "FRA"]
[SourceTitle "CBM 190 Extra"]
[Source "ChessBase"]
[SourceDate "2019.07.15"]
[SourceVersion "1"]
[SourceVersionDate "2019.07.15"]
[SourceQuality "1"]

1. e4 e5 2. Nf3 Nc6 3. d4 exd4 4. Nxd4 Qf6 5. Nb3 Qg6 6. Qe2 Bd6 7. Nc3 Nf6 8. Bd2 0-0 9. f3 Re8 10. 0-0-0 b6 11. g4 h6 12. Qg2 a5 13. Nb5 Ba6 14. a4 Bxb5 15. Bxb5 Nb4 16. Bxb4 axb4 17. h4 Bf4+ 18. Kb1 c6 19. Bd3 Nh7 20. e5 Qe6 21. Bf5 Qc4 22. Rd4 Qa6 23. Rxf4 Qxa4 24. Kc1 Rxe5 25. Be4 d5 26. Bxh7+ Kxh7 27. Kd2 Rae8 28. g5 Qa6 29. Kc1 Re2 30. Qf1 Qa7 31. Qd1 Qe7 32. Kb1 c5 33. Qxd5 Re6 34. gxh6 Kxh6 35. Qg5+ Qxg5 36. hxg5+ Kxg5 37. Rxf7 Kg6 38. Rf4 Rd8 39. Rg1+ Kh7 40. Rf7 Rg6 41. Rxg6 Kxg6 42. Rb7 Rd6 43. Nc1 Rf6 44. Nd3 Kh6 45. Ne5 Re6 46. Nc4 1-0

[Event "FRA-ch U12 Girls"]
[White "Soreda, Elisa"]
[Black "Imperor, Amelie"]
[Site "Saint Paul Trois Chateaux"]
[Round "6"]
[Result "0-1"]
[Date "2013.05.03"]
[WhiteElo "1360"]
[BlackElo "1474"]
[PlyCount "106"]
[EventDate "2013.04.28"]
[EventType "swiss"]
[EventRounds "9"]
[EventCountry "FRA"]
[SourceTitle "CBM 154 Extra"]
[Source "ChessBase"]
[SourceDate "2013.06.25"]
[SourceVersion "2"]
[SourceVersionDate "2013.06.25"]
[SourceQuality "1"]

1. e4 d5 2. exd5 Nf6 3. c4 c6 4. dxc6 Nxc6 5. Nc3 e5 6. h3 Bc5 7. Be2 Qb6 8. f3 Bf2+ 9. Kf1 Bg3 10. d4 Qxd4 11. Qxd4 Nxd4 12. Be3 Nc2 13. Bf2 Bxf2 14. Kxf2 Nxa1 15. Nb5 0-0 16. g4 Nc2 17. Nc7 Rb8 18. g5 Nh5 19. Bd3 Nd4 20. h4 Bf5 21. Bf1 Rbd8 22. Nd5 Be6 23. Ne3 Nf5 24. Nxf5 Bxf5 25. Ke1 Ng3 26. Rh2 Nxf1 27. Kxf1 Rd1+ 28. Kg2 Rd2+ 29. Kg3 Rxh2 30. Kxh2 Rd8 31. Kg3 Rd2 32. f4 Rd3+ 33. Kf2 exf4 34. Ne2 Rd2 35. Kf3 Bg4+ 36. Kxf4 Bxe2 37. Ke3 Rxb2 38. a4 Bxc4 39. Kd4 Be6 40. Kc3 Rb1 41. h5 b5 42. axb5 Rxb5 43. g6 fxg6 44. hxg6 hxg6 45. Kd4 a5 46. Ke3 a4 47. Kd4 a3 48. Kc3 a2 49. Kd3 a1Q 50. Kc2 Bf5+ 51. Kd2 Qd4+ 52. Ke2 Bg4+ 53. Ke1 Rb1# 0-1